000
00302nam a22001337a 4500
008
170911b xxu||||| |||| 00| 0 eng d
020
_a
009445313
041
_a
eng
080
_2
3RD
_a
52
100
_a
42
101
_a
AST
245
_a
VOYAGES TO THE STARS AND GALAXIES
_c
FRAKNOI,A
942
_2
udc
_c
BK
999
_c
27004
_d
27004